12 biggest U.S States by area - Statistics

General Stats
  • This quiz has been taken 55 times
  • The average score is 10 of 12
Answers on the Map
Answers color-coded by a green-red scale on the quiz's map according to % correct below.
 
Answer Stats
Answer % Correct
Alaska
100%
Texas
94%
California
88%
Montana
88%
New Mexico
85%
Nevada
82%
Arizona
79%
Colorado
76%
Oregon
76%
Wyoming
71%
Michigan
68%
Minnesota
62%
No matching quizzes found
Score Distribution
Percent of People with Each Score
Percentile by Number Answered
Your Score History
You have not taken this quiz